Govt. of
Madhya Pradesh

polity & constitution part 2 22/22 (Record no. 65558)

MARC details
000 -LEADER
fixed length control field 00255nam a22001097a 4500
082 ## - DEWEY DECIMAL CLASSIFICATION NUMBER
Classification number 320
100 ## - MAIN ENTRY--AUTHOR NAME
Personal name Vision IAS
245 ## - TITLE STATEMENT
Title polity & constitution part 2 22/22
260 ## - PUBLICATION, DISTRIBUTION, ETC. (IMPRINT)
Place of publication Delhi
Name of publisher Vison IAS
Year of publication 2022
650 ## - SUBJECT ADDED ENTRY--TOPICAL TERM
Topical Term Political science
942 ## - ADDED ENTRY ELEMENTS (KOHA)
Koha item type Books
Holdings
Withdrawn status Lost status Damaged status Not for loan Home library Current library Date acquired Full call number Accession Number Price effective from Koha item type
        MACL MACL 13/11/2022 320 DPI001193 13/11/2022 Books